|
|
|
|
| LEADER |
01913nam a2200289 a 4500 |
| 001 |
GR-Patra33275 |
| 003 |
GR-PaULI |
| 005 |
20231221095829.0 |
| 008 |
130121s2009 gr a g b 001 0 gre d |
| 020 |
|
|
|a 9789603945970
|
| 040 |
|
|
|a GrPaTEI
|b gre
|c GR-PaULI
|e AACR2
|
| 082 |
0 |
4 |
|a 616.716
|2 23
|
| 245 |
0 |
0 |
|a Οστεοπόρωση :
|b καλύτερη πρακτική και επίτομη έρευνας /
|c edited by Cyrus Cooper and Anthony D. Woolf ; μετάφραση-επιμέλεια ελληνικής έκδοσης Νικόλαος Γαλανόπουλος.
|
| 260 |
|
|
|a Αθήνα :
|b Παρισιάνος,
|c c2009.
|
| 300 |
|
|
|a x, 212 σ. :
|b εικ. ;
|c 29 εκ.
|
| 500 |
|
|
|a Τίτλος πρωτοτύπου: Osteoporosis, best practice & research compendium
|
| 504 |
|
|
|a Περιλαμβάνει βιβλιογραφικές αναφορές και ευρετήριο.
|
| 650 |
|
4 |
|a Οστεοπόρωση
|9 52477
|
| 700 |
1 |
|
|a Cooper, Cyrus
|e επιμελητής.
|9 52478
|
| 700 |
1 |
|
|a Woolf, Anthony D.
|9 201441
|q (Anthony Derek)
|e επιμελητής.
|
| 700 |
1 |
|
|a Γαλανόπουλος, Νικόλαος Γ.
|9 182905
|e μεταφραστής,
|e επιμελητής.
|
| 765 |
|
|
|i Μετάφραση του:
|t Osteoporosis : best practice & research compendium.
|
| 942 |
|
|
|2 ddc
|c BK
|
| 952 |
|
|
|0 0
|1 0
|2 ddc
|4 0
|6 616_716000000000000_ΟΣΤ
|7 1
|9 314654
|a LISK
|b LISK
|c BSC
|d 2021-01-17
|e 24
|f 0
|g 0.00
|l 0
|o 616.716 ΟΣΤ
|p 92410054483
|r 2021-01-17 00:00:00
|t 2
|w 2021-01-17
|y BKN
|x 20130121 0 0
|x GrPaTEI
|
| 952 |
|
|
|0 0
|1 0
|2 ddc
|4 0
|6 616_716000000000000_ΟΣΤ
|7 1
|9 314655
|a LISK
|b LISK
|c BSC
|d 2021-01-17
|e 24
|f 0
|g 0.00
|l 0
|o 616.716 ΟΣΤ
|p 92410054761
|r 2021-01-17 00:00:00
|t 1
|w 2021-01-17
|y BKN
|x 20131014 0 0
|x GrPaTEI
|
| 952 |
|
|
|0 0
|1 0
|2 ddc
|4 0
|6 616_716000000000000_ΟΣΤ
|7 0
|9 375945
|a LISP
|b LISP
|c BSC
|d 2023-12-21
|i 54483
|l 0
|o 616.716 ΟΣΤ
|p 025000305438
|r 2023-12-21 00:00:00
|t 3
|w 2023-12-21
|y BK15
|
| 999 |
|
|
|c 179762
|d 179762
|